00329nam a2200133Ia 4500008004100000100002300041245002600064250001200090260005000102300000800152650001300160942000700173999001500180190216s9999||||xx |||||||||||||| ||und|| aAbdul Assis Koroth 0aOperations Management a1st Ed. bCalicut University Central Co-Operativec2005 a304 aCommerce cBK c8133d8133